Countries that Border Germany by Shape - Statistics

General Stats
  • This quiz has been taken 368 times
  • The average score is 8 of 9
Answer Stats
Picture Answer % Correct
France
98%
Austria
93%
Poland
91%
Denmark
88%
Netherlands
87%
Switzerland
87%
Czech Republic
84%
Luxembourg
76%
Belgium
75%
No matching quizzes found
Score Distribution
Percent of People with Each Score
Percentile by Number Answered
Your Score History
You have not taken this quiz